000 00463nam a2200181Ia 4500
001 25039
005 20260414151123.0
008 260414t1997||||xx |||||||||||||| ||spa||
041 _aESP
082 _a346.11
_bM86
100 _aMorales Godo, Juan [1947-...]
_eAUT
245 0 _aHacia una concepción jurídica unitaria de la muerte
_b
260 _c1997
300 _a102 páginas :
_c18 cm.
650 _aDER
654 _aCDE
942 _cLIB
_dJUS
_fJUS
_2ddc
_n
999 _c25039
_d25039